LEADER 00921nam a2200205 i 4500 001 000000090830 003 CaOOAMICUS 005 20151221000000.0 008 151221s1891 xx u000 u fre u 013 $a63072 040 $aSeMil$bita 100 1 $aTerrien, Jacques <1837-1929>.$0(OLS)http://semarc/name/40749 245 10$aHistoire du r.p. de Clorivière de la Compagnie de Jésus /$cpar le p. Jacques Terrien. 260 $aParis :$bImprimerie Devalois,$c1891. 300 $a725 p., [1] c. di tav. :$bill. ;$c21 cm. 600 14$aClorivière, Pierre-Joseph Picot : de .$0(OLS)http://semarc/subject/16602 850 $aSeMil 852 $aSeMil$W1$xVenegono$y1$m3H III 43 FA$j53797$B53797$CSeMilBibl$Z2$F58431 $8I 996 $6245$aHistoire du r.p. de Clorivière de la Compagnie de Jésus$9(OLS)http://semarc/title/136861 996 $6260$aParis :$bImprimerie Devalois$9(OLS)http://semarc/publisher/43687 LEADER 01033nam a2200253 4500 001 000000365977 003 CaOOAMICUS 005 20260116113315.0 008 260109s2025 it 000 u ita r 020 $a978-88-343-6184-9 040 $aSeMil$bita 245 00$aUniversità :$blaboratorio di speranza /$ca cura di Elena Beccalli. 264 1$aMilano :$bVP, Vita e pensiero,$c2025. 300 $aXVII, 250 p. ;$c23 cm 650 4$aMilano - Università Cattolica del Sacro Cuore.$0(OLS)http://semarc/subject/9811 700 1 $aBeccalli, Elena.$0(OLS)http://semarc/name/115292 850 $aSeMil 852 $aSeMil$W1$xVenegono$y1$m3M IV 362$j266112$B256768$CSeMilBibl$Z2$F256768 $81 941 1 $a7 961 $aOmaggio mons. Mario Delpini 996 $6020$a978-88-343-6184-9$9(OLS)http://semarc/number/305066 996 $6245$aUniversità :$blaboratorio di speranza$9(OLS)http://semarc/title/457667 996 $6264$aMilano :$bVP, Vita e pensiero$9(OLS)http://semarc/publisher/39599 LEADER 01118nam a2200265 i 4500 001 000000229687 003 CaOOAMICUS 005 20140515000000.0 008 140515s2013 it u000 u ita u 013 $a208589 020 $a978-88-10-25115-7 040 $aSeMil$bita 100 1 $aLori, Germano.$0(OLS)http://semarc/name/79268 245 13$aIl discorso della montagna, dono del Padre (Mt 5,1-8,1) /$cGermano Lori. 260 $aBologna :$bEDB,$c2013. 300 $a262 p. ;$c24 cm. 490 0 $aRetorica biblica ;$v18 650 4$aBibbia. Nuovo Testamento. Vangelo secondo Matteo - Discorso della montagna.$0(OLS)http://semarc/subject/373 830 0$aRetorica biblica ;$v18.$0(OLS)http://semarc/title/12817 850 $aSeMil 852 $aSeMil$W1$xVenegono$y1$m2V IV 239$j180033$B180033$CSeMilBibl$Z2$F191127 $81 961 $aAcquisto: LI.CO.SA 996 $6020$a978-88-10-25115-7$9(OLS)http://semarc/number/232208 996 $6245$aIl discorso della montagna, dono del Padre (Mt 5,1-8,1)$9(OLS)http://semarc/title/328454 996 $6260$aBologna :$bEDB$9(OLS)http://semarc/publisher/29669